000 00865nam a2200241 i 4500
001 118769
003 ES-MaACL
005 20260129171829.0
007 t|
008 070214s1934 sp r ||||1| spa d
100 1 _aPetre-Lazar, C.
_991534
245 1 3 _aLa antropometría y los ejercicios escolares
_b: contribución al estudio de la educación física /
_cC. Petre-Lazar ; Prefacio de Eugenio Pittard ; traducción de M. Medina Bravo.
260 _aMadrid :
_bEspasa-Calpe,
_c1934.
300 _a128 p. ;
_c23 cm.
490 1 _aColección de actualidades pedagógicas...
650 4 _aEduación física.
_912071
700 1 _aPittard, Eugène.
_992428
700 1 _aMedina Bravo, M.
_979726
830 0 _aColección de actualidades pedagógicas
_9233383
852 _aES-MaACL
_j1807-F-16
852 _aES-MaACL
_j1799-F-2
999 _c118769
_d118769